000 00555nam a22001697a 4500
999 _c130280
_d130280
008 200203b ||||| |||| 00| 0 eng d
050 _aHC965.Z5 C338
100 _aCashdan, Ben
_949306
245 _aLocal government and poverty in South Africa
_cBen Cshdan
260 _aCapetown
_bPDM
_c2000
300 _a29p. ;
_c21cm.
440 _aBackground research series
_949309
650 _aPoverty
_zSouth Africa
_949307
650 _aLabor market
_zSouth Africa
_949308
651 _aSouth Africa
_xEconomic conditions
_y1991-
_948234
942 _2lcc
_cMONOGRAPH